Movies written, produced or directed by Tim Burton - Statistics

General Stats
  • This quiz has been taken 235 times
  • The average score is 12 of 22
Answer Stats
Hint Answer % Correct
1990 Edward Scissorhands
91%
1988 Beetlejuice
80%
2005 Corpse Bride
80%
1993 The Nightmare Before Christmas
80%
2010 Alice in Wonderland
78%
1989 Batman
78%
2007 Sweeney Todd: The Demon Barber of Fleet Street
77%
2005 Charlie and the Chocolate Factory
70%
2012 Frankenweenie
69%
1992 Batman returns
63%
1999 Sleepy Hollow
63%
2003 Big Fish
60%
1994 Ed Wood
60%
2012 Dark Shadows
56%
2001 Planet of the Apes
48%
1996 Mars Attacks
47%
1985 Peewee's Big Adventure
47%
1996 James and the Giant Peach
28%
1995 Batman Forever
24%
2009 9
15%
2012 Abraham Lincoln: Vampire Hunter
11%
1994 Cabin Boy
8%
No matching quizzes found
Score Distribution
Percent of People with Each Score
Percentile by Number Answered
Your Score History
You have not taken this quiz